[Event "Hessen-ch U18"]
[Site "Bad Homburg"]
[Date "2013.??.??"]
[Round "3"]
[White "Stabernack, Joschi"]
[Black "Boeddeker, Henry"]
[Result "1/2-1/2"]
[WhiteElo "2012"]
[BlackElo "1704"]
[PlyCount "80"]
[EventDate "2013.03.??"]
[EventType "swiss"]
[EventRounds "7"]
[EventCountry "GER"]
[SourceTitle "EXT 2014"]
[Source "ChessBase"]
[SourceDate "2013.11.20"]
[SourceVersion "1"]
[SourceVersionDate "2013.11.20"]
[SourceQuality "1"]

1. e4 c5 2. Nf3 Nc6 3. d4 cxd4 4. Nxd4 Nf6 5. Nc3 e5 6. Ndb5 d6 7. Nd5 Nxd5 8. exd5 Nb8 9. a4 Be7 10. Be2 0-0 11. 0-0 a6 12. Na3 Nd7 13. Nc4 f5 14. f4 Qc7 15. Be3 Bf6 16. a5 e4 17. c3 Nc5 18. b4 Nd7 19. Bd4 Bxd4+ 20. Qxd4 Rd8 21. Rfd1 Rb8 22. Qa7 Nf6 23. Nb6 Bd7 24. Bxa6 Qxc3 25. Nxd7 Nxd7 26. Bxb7 Qxb4 27. Rdb1 Qc3 28. a6 Nc5 29. Qb6 Nxb7 30. a7 Ra8 31. Qxb7 h6 32. Ra6 Kh7 33. Rab6 Rg8 34. Qa6 Qe3+ 35. Kh1 Qxf4 36. h3 Qf2 37. Rf1 Qd4 38. Rxf5 e3 39. Rf1 e2 40. Re1 Rgf8 1/2-1/2

[Event "Hessen-ch U16"]
[Site "Bad Homburg"]
[Date "2012.??.??"]
[Round "8"]
[White "Boeddeker, Henry"]
[Black "Kirchner, Konrad"]
[Result "0-1"]
[WhiteElo "1691"]
[BlackElo "1183"]
[PlyCount "50"]
[EventDate "2012.04.??"]
[EventType "swiss"]
[EventRounds "9"]
[EventCountry "GER"]
[SourceTitle "EXT 2015"]
[Source "ChessBase"]
[SourceDate "2014.11.20"]
[SourceVersion "1"]
[SourceVersionDate "2014.11.20"]
[SourceQuality "1"]

1. e4 c5 2. Nf3 Nc6 3. d4 cxd4 4. Nxd4 e5 5. Nb5 Nf6 6. N1c3 d6 7. Bg5 a6 8. Na3 b5 9. Bxf6 Qxf6 10. Nd5 Qd8 11. c3 Be7 12. Nc2 0-0 13. Nce3 Be6 14. a4 bxa4 15. Rxa4 a5 16. Bb5 Na7 17. Nxe7+ Qxe7 18. Rxa5 Qb7 19. Qa4 Nxb5 20. Rxb5 Rxa4 21. Rxb7 Rxe4 22. 0-0 Ra4 23. Rd1 Rd8 24. Rxd6 Ra1+ 25. Nd1 Rxd1+ 0-1